[Event "NB2 Breyer csoport"]
[Site "Budapest"]
[Date "2024.12.15"]
[Round "4.11"]
[White "Bak, Tamas"]
[Black "Horvath, Andras"]
[Result "1/2-1/2"]
[WhiteElo "1867"]
[BlackElo "2018"]
[PlyCount "138"]
[GameId "2123724276411650"]
[EventDate "2024.11.03"]
[EventType "team-tourn"]
[EventRounds "9"]
[EventCountry "HUN"]
[Source "chess.hu"]
[WhiteTeam "Tatabanyai SC"]
[BlackTeam "MTK Budapest II."]
[WhiteTeamCountry "HUN"]
[BlackTeamCountry "HUN"]

1. e4 e5 2. Nf3 Nc6 3. Bc4 Nf6 4. Ng5 d5 5. exd5 Na5 6. Bb5+ c6 7. dxc6 bxc6 8. Qf3 Rb8 9. Be2 Bd6 10. Nc3 O-O 11. Nge4 Nxe4 12. Nxe4 Bc7 13. d3 f5 14. Ng3 c5 15. O-O g6 16. Bd1 Bb7 17. Qe2 h5 18. Nxh5 gxh5 19. Qxh5 Rf7 20. Bh6 Qf6 21. Bg5 Qh8 22. Bh6 Rf6 23. Bg5 Qxh5 24. Bxh5 Rb6 25. b3 Kh7 26. Rfe1 Rg8 27. h4 Bd8 28. Bxd8 Rxd8 29. Rxe5 Rg8 30. g3 f4 31. Kh2 fxg3+ 32. fxg3 Rf6 33. Re2 Nc6 34. c3 Rd8 35. Rd1 Rd5 36. g4 Ba6 37. c4 Rd7 38. Be8 Nd4 39. Bxd7 Nxe2 40. Bf5+ Kg7 41. Re1 Nd4 42. Re7+ Rf7 43. Rxf7+ Kxf7 44. Be4 Bc8 45. g5 Ne2 46. a3 a5 47. h5 Bg4 48. h6 Nc3 49. g6+ Kg8 50. Bc6 Bf5 51. Be8 Bxd3 52. Kg3 Ne4+ 53. Kf4 Nd6 54. Bf7+ Nxf7 55. gxf7+ Kxf7 56. Ke5 a4 57. bxa4 Bxc4 58. Kd6 Kg6 59. Kxc5 Be2 60. a5 Kxh6 61. Kb6 Kg6 62. a6 Kf6 63. a4 Ke6 64. a7 Bf3 65. Kc7 Ba8 66. a5 Ke7 67. Kb8 Kd7 68. Kxa8 Kc7 69. a6 Kc8 1/2-1/2

[Event "NB2 Breyer csoport"]
[Site "Budapest"]
[Date "2024.12.15"]
[Round "4.12"]
[White "Yip, Michael"]
[Black "Korim, Adam"]
[Result "1-0"]
[WhiteElo "1850"]
[BlackElo "1724"]
[PlyCount "129"]
[GameId "2123724315675922"]
[EventDate "2024.11.03"]
[EventType "team-tourn"]
[EventRounds "9"]
[EventCountry "HUN"]
[Source "chess.hu"]
[WhiteTeam "MTK Budapest II."]
[BlackTeam "Tatabanyai SC"]
[WhiteTeamCountry "HUN"]
[BlackTeamCountry "HUN"]

1. e4 c6 2. d4 d5 3. exd5 cxd5 4. Bd3 Nf6 5. c3 g6 6. h3 Bg7 7. Nf3 O-O 8. O-O Nc6 9. Bf4 Ne8 10. Re1 Nd6 11. Nbd2 b6 12. Ne5 Bb7 13. Nxc6 Bxc6 14. Qe2 e6 15. Nf3 Bb7 16. Rad1 Re8 17. Qd2 Ne4 18. Qe3 a6 19. Bh6 f6 20. Bxg7 Kxg7 21. Nd2 Nxd2 22. Qxd2 Qd6 23. f4 e5 24. fxe5 fxe5 25. dxe5 Rxe5 26. Rxe5 Qxe5 27. Re1 Qf6 28. Rf1 Qe6 29. Qf2 Re8 30. Qd4+ Kg8 31. Kh1 Qd6 32. a3 b5 33. Kg1 Qe5 34. Qf2 Qe3 35. Rd1 Kg7 36. Qxe3 Rxe3 37. Kf2 Re7 38. Rd2 Kf6 39. Bc2 h5 40. h4 Re5 41. Re2 Rxe2+ 42. Kxe2 g5 43. g3 Bc8 44. Ke3 Bf5 45. Bd1 gxh4 46. gxh4 Bg4 47. Bb3 Ke5 48. Bc2 Bf5 49. Bb3 Be4 50. Bd1 Bg6 51. Bf3 Bf7 52. b4 Bg6 53. Be2 Bf7 54. Bd3 Be8 55. Bc2 Bf7 56. a4 Be8 57. a5 Bf7 58. Bd3 Be8 59. Bf1 Bf7 60. Bg2 Be8 61. Bh3 Kd6 62. Kd4 Kc7 63. Kc5 Bc6 64. Be6 Bb7 65. Bf7 1-0

[Event "NB2 Breyer csoport"]
[Site "Budapest"]
[Date "2024.12.15"]
[Round "4.1"]
[White "Botos, Ferenc"]
[Black "Szamoskozi, Gabor"]
[Result "1/2-1/2"]
[WhiteElo "2171"]
[BlackElo "2225"]
[PlyCount "57"]
[GameId "2123411706115930"]
[EventDate "2024.11.03"]
[EventType "team-tourn"]
[EventRounds "9"]
[EventCountry "HUN"]
[Source "chess.hu"]
[WhiteTeam "Varosgazda Akademia"]
[BlackTeam "Barcza - BEAC I."]
[WhiteTeamCountry "HUN"]
[BlackTeamCountry "HUN"]

1. d4 Nf6 2. Nf3 c5 3. c3 d5 4. Bf4 Qb6 5. Qb3 c4 6. Qxb6 axb6 7. Bxb8 Rxb8 8. Nbd2 Bf5 9. Nh4 Bc2 10. Rc1 Ba4 11. e4 e6 12. e5 Nh5 13. g3 Be7 14. Ng2 g6 15. Be2 Ng7 16. O-O h5 17. Ne3 Nf5 18. Nxf5 exf5 19. f4 Ra8 20. h4 Bc6 21. a3 Kd7 22. Rfe1 Ke6 23. Kf2 Ra5 24. Nf1 Rha8 25. Ne3 b5 26. Nc2 Ra4 27. Bf3 Rc8 28. Re3 Raa8 29. Rh1 1/2-1/2

[Event "NB2 Breyer csoport"]
[Site "Budapest"]
[Date "2024.12.15"]
[Round "4.2"]
[White "Horvath, Andras"]
[Black "Horvath, Gabor"]
[Result "0-1"]
[WhiteElo "2237"]
[BlackElo "2130"]
[PlyCount "78"]
[GameId "2123411741329258"]
[EventDate "2024.11.03"]
[EventType "team-tourn"]
[EventRounds "9"]
[EventCountry "HUN"]
[Source "chess.hu"]
[WhiteTeam "Barcza - BEAC I."]
[BlackTeam "Varosgazda Akademia"]
[WhiteTeamCountry "HUN"]
[BlackTeamCountry "HUN"]

1. d4 Nf6 2. c4 g6 3. Nf3 Bg7 4. g3 O-O 5. Bg2 d6 6. O-O Nbd7 7. Nc3 e5 8. e4 Re8 9. h3 exd4 10. Nxd4 a5 11. Be3 Nc5 12. Qc2 c6 13. Rad1 Nfd7 14. b3 Qb6 15. Nde2 Qb4 16. Bd2 Qb6 17. Bf4 a4 18. Rb1 axb3 19. axb3 Ne5 20. b4 Ne6 21. Be3 Qa6 22. b5 Qa5 23. Rb2 Bd7 24. bxc6 bxc6 25. Nb1 Nxc4 26. Rb7 Nxe3 27. fxe3 Nc5 28. Rxd7 Nxd7 29. Qxc6 Qa7 30. Kh2 Be5 31. Rf3 Rec8 32. Qd5 Nf6 33. Rxf6 Bxf6 34. Qxd6 Qa6 35. Qd1 Rab8 36. Nf4 Be5 37. Nd5 Qd6 38. Qe1 Rc2 39. Nd2 Rbb2 0-1

[Event "NB2 Breyer csoport"]
[Site "Budapest"]
[Date "2024.12.15"]
[Round "4.3"]
[White "Salamon, Laszlo"]
[Black "Szekely, Ferenc"]
[Result "0-1"]
[WhiteElo "1976"]
[BlackElo "2213"]
[PlyCount "108"]
[GameId "2123411817944951"]
[EventDate "2024.11.03"]
[EventType "team-tourn"]
[EventRounds "9"]
[EventCountry "HUN"]
[Source "chess.hu"]
[WhiteTeam "Varosgazda Akademia"]
[BlackTeam "Barcza - BEAC I."]
[WhiteTeamCountry "HUN"]
[BlackTeamCountry "HUN"]

1. e4 e5 2. Nf3 Nc6 3. d4 exd4 4. Bc4 Nf6 5. e5 d5 6. Bb5 Ne4 7. Nxd4 Bd7 8. Bxc6 bxc6 9. O-O Bc5 10. f3 Ng5 11. Be3 O-O 12. f4 Ne4 13. Nd2 Nxd2 14. Qxd2 Bb6 15. Nb3 f6 16. Nc5 fxe5 17. fxe5 Qe7 18. Qc3 Rae8 19. Bd4 Rf5 20. a4 a5 21. Nxd7 Bxd4+ 22. Qxd4 Qxd7 23. Rae1 Rxf1+ 24. Rxf1 Qe7 25. Re1 Qb4 26. Qxb4 axb4 27. e6 Kf8 28. Rf1+ Ke7 29. Rf7+ Kd6 30. Rd7+ Kc5 31. Rxg7 Rxe6 32. Kf2 h6 33. Rxc7 Kc4 34. g4 d4 35. Rb7 c5 36. h4 d3 37. cxd3+ Kxd3 38. a5 Re2+ 39. Kf1 Rxb2 40. a6 c4 41. a7 Ra2 42. g5 hxg5 43. hxg5 c3 44. Rd7+ Ke3 45. Re7+ Kf4 46. Rc7 Rxa7 47. Rc4+ Ke3 48. g6 Kd3 49. Rc6 b3 50. Rd6+ Ke4 51. Ke2 Ra2+ 52. Kd1 c2+ 53. Kd2 Ra1 54. Rc6 Rd1+ 0-1

[Event "NB2 Breyer csoport"]
[Site "Budapest"]
[Date "2024.12.15"]
[Round "4.4"]
[White "Fordan, Tibor"]
[Black "Gombocz, Zsolt"]
[Result "1/2-1/2"]
[WhiteElo "2113"]
[BlackElo "1975"]
[PlyCount "54"]
[GameId "2123411852695431"]
[EventDate "2024.11.03"]
[EventType "team-tourn"]
[EventRounds "9"]
[EventCountry "HUN"]
[Source "chess.hu"]
[WhiteTeam "Barcza - BEAC I."]
[BlackTeam "Varosgazda Akademia"]
[WhiteTeamCountry "HUN"]
[BlackTeamCountry "HUN"]

1. Nf3 d5 2. b3 Nf6 3. Bb2 e6 4. g3 b6 5. Bg2 Bb7 6. O-O Be7 7. c4 O-O 8. cxd5 Bxd5 9. d3 c5 10. Nbd2 Na6 11. Re1 Bb7 12. Nc4 h6 13. Nce5 Rc8 14. Bh3 Nc7 15. Qc2 Bxf3 16. Nxf3 Nfd5 17. a3 Bf6 18. Ne5 Qd6 19. Nc4 Qd8 20. e4 Bxb2 21. Qxb2 Nf6 22. e5 Nfe8 23. Bg2 Nb5 24. Be4 Qd4 25. Qc2 Qc3 26. Qxc3 Nxc3 27. a4 Rd8 1/2-1/2

[Event "NB2 Breyer csoport"]
[Site "Budapest"]
[Date "2024.12.15"]
[Round "4.5"]
[White "Botlik, Bela"]
[Black "Medve, Mark"]
[Result "1-0"]
[WhiteElo "1997"]
[BlackElo "2171"]
[PlyCount "83"]
[GameId "2123411898423191"]
[EventDate "2024.11.03"]
[EventType "team-tourn"]
[EventRounds "9"]
[EventCountry "HUN"]
[Source "chess.hu"]
[WhiteTeam "Varosgazda Akademia"]
[BlackTeam "Barcza - BEAC I."]
[WhiteTeamCountry "HUN"]
[BlackTeamCountry "HUN"]

1. e4 e5 2. Nf3 Nc6 3. Bc4 Nf6 4. Ng5 d5 5. exd5 Na5 6. Bb5+ c6 7. dxc6 bxc6 8. Bd3 Be7 9. a3 Nd5 10. Nf3 Nf4 11. Bf1 e4 12. d3 exf3 13. Bxf4 Qd4 14. Qc1 Bg4 15. Nc3 fxg2 16. Bxg2 O-O 17. O-O Qd7 18. Ne4 Nb7 19. Qe3 Rfe8 20. Qg3 f5 21. Nc3 g5 22. Bxg5 Bxg5 23. h3 h5 24. hxg4 hxg4 25. d4 Rad8 26. d5 c5 27. Rfe1 Nd6 28. Re6 Rxe6 29. dxe6 Qg7 30. Rd1 Be7 31. Qe3 Rc8 32. Qf4 Rd8 33. Nd5 Kf8 34. Ne3 Qxb2 35. Nxf5 Qf6 36. Nxe7 Kxe7 37. Qxg4 Qxe6 38. Qh4+ Qf6 39. Re1+ Kf7 40. Bd5+ Kg7 41. Re7+ Kg6 42. Re6 1-0

[Event "NB2 Breyer csoport"]
[Site "Budapest"]
[Date "2024.12.15"]
[Round "4.6"]
[White "Martin, Bela Jr."]
[Black "Rozsnyai, Tibor"]
[Result "1/2-1/2"]
[WhiteElo "2062"]
[BlackElo "1963"]
[PlyCount "101"]
[GameId "2123411938572199"]
[EventDate "2024.11.03"]
[EventType "team-tourn"]
[EventRounds "9"]
[EventCountry "HUN"]
[Source "chess.hu"]
[WhiteTeam "Barcza - BEAC I."]
[BlackTeam "Varosgazda Akademia"]
[WhiteTeamCountry "HUN"]
[BlackTeamCountry "HUN"]

1. e4 c5 2. Nf3 e6 3. d4 cxd4 4. Nxd4 a6 5. c4 Qc7 6. Nc3 Nf6 7. a3 Nc6 8. Be3 d6 9. Be2 Be7 10. O-O O-O 11. Rc1 Ne5 12. f4 Ned7 13. b4 b6 14. Bd3 Bb7 15. g4 g6 16. Qf3 e5 17. Nd5 Qd8 18. Ne2 exf4 19. Bxf4 Nxd5 20. cxd5 Ne5 21. Qg3 Nxd3 22. Qxd3 Rc8 23. Bh6 Rxc1 24. Rxc1 Bg5 25. Bxf8 Bxc1 26. Bxd6 Qxd6 27. Nxc1 Qf4 28. Ne2 Qxg4+ 29. Kf1 Bc8 30. Qc3 Bd7 31. Qe3 Qh4 32. Kg2 Bb5 33. Ng3 Qf6 34. e5 Qd8 35. Qe4 h5 36. e6 Qe8 37. e7 f5 38. Qe5 Qd7 39. Qb8+ Kh7 40. Qe5 Qc8 41. Ne2 Be8 42. Kf2 Qc4 43. d6 Qh4+ 44. Ke3 Qg4 45. Kd2 Qg5+ 46. Kd3 Qh4 47. Kd2 Qg5+ 48. Kc2 Qh4 49. Kd2 Qg5+ 50. Kc2 Qh4 51. Kd2 1/2-1/2

[Event "NB2 Breyer csoport"]
[Site "Budapest"]
[Date "2024.12.15"]
[Round "4.7"]
[White "Li, Changxing"]
[Black "Szekacs, Mark"]
[Result "0-1"]
[WhiteElo "1905"]
[BlackElo "2022"]
[PlyCount "68"]
[GameId "2123411979757495"]
[EventDate "2024.11.03"]
[EventType "team-tourn"]
[EventRounds "9"]
[EventCountry "HUN"]
[Source "chess.hu"]
[WhiteTeam "Varosgazda Akademia"]
[BlackTeam "Barcza - BEAC I."]
[WhiteTeamCountry "HUN"]
[BlackTeamCountry "HUN"]

1. e4 c5 2. Nf3 e6 3. d4 cxd4 4. Nxd4 Nf6 5. Nc3 d6 6. Be2 a6 7. a4 Nc6 8. Be3 Qc7 9. O-O Be7 10. Kh1 O-O 11. Qc1 Na5 12. Re1 b6 13. Bf3 Bb7 14. Nde2 Nc4 15. Bf4 Ne5 16. Qe3 Rac8 17. Rad1 Rfd8 18. h3 Qc4 19. Bh2 Nxf3 20. gxf3 Qc5 21. Nf4 Qxe3 22. fxe3 Nd7 23. Kg2 Ne5 24. Bg3 Nc4 25. Rb1 Rc6 26. Nfe2 Nxe3+ 27. Kf2 Nxc2 28. Rec1 Nb4 29. Nd4 Rc4 30. Ke3 Rdc8 31. Rd1 d5 32. e5 Bc5 33. Rbc1 Nc6 34. Nce2 Rxc1 0-1

[Event "NB2 Breyer csoport"]
[Site "Budapest"]
[Date "2024.12.15"]
[Round "4.8"]
[White "Palczert, Botond"]
[Black "Papp, Bence"]
[Result "1/2-1/2"]
[WhiteElo "1962"]
[BlackElo "1758"]
[PlyCount "67"]
[GameId "2123412021749705"]
[EventDate "2024.11.03"]
[EventType "team-tourn"]
[EventRounds "9"]
[EventCountry "HUN"]
[Source "chess.hu"]
[WhiteTeam "Barcza - BEAC I."]
[BlackTeam "Varosgazda Akademia"]
[WhiteTeamCountry "HUN"]
[BlackTeamCountry "HUN"]

1. d4 Nf6 2. c4 g6 3. f3 c5 4. d5 Bg7 5. e4 d6 6. Nc3 O-O 7. Bg5 e6 8. Qd2 exd5 9. cxd5 h6 10. Be3 a6 11. a4 Re8 12. Be2 Nbd7 13. Nh3 Kh7 14. Nf2 Ne5 15. O-O Qa5 16. h3 Qb4 17. a5 Bd7 18. Qc1 c4 19. Bb6 g5 20. Nfd1 Nh5 21. Na2 Ng3 22. Nxb4 Nxe2+ 23. Kh1 Nxc1 24. Rxc1 Rac8 25. Nc3 Ng6 26. Nc2 Nf4 27. Nd4 Nd3 28. Rc2 Nc5 29. Rd2 Bxd4 30. Rxd4 Nd3 31. b3 Ne5 32. Rb1 cxb3 33. Rxb3 Nc4 34. Rd3 1/2-1/2

[Event "NB2 Breyer csoport"]
[Site "Budapest"]
[Date "2024.12.15"]
[Round "4.9"]
[White "Sandor, Jozsef"]
[Black "Kelemen, Szabolcs"]
[Result "1/2-1/2"]
[WhiteElo "1875"]
[BlackElo "1987"]
[PlyCount "41"]
[GameId "2123412060477401"]
[EventDate "2024.11.03"]
[EventType "team-tourn"]
[EventRounds "9"]
[EventCountry "HUN"]
[Source "chess.hu"]
[WhiteTeam "Varosgazda Akademia"]
[BlackTeam "Barcza - BEAC I."]
[WhiteTeamCountry "HUN"]
[BlackTeamCountry "HUN"]

1. Nf3 Nf6 2. d4 g6 3. Nc3 d5 4. Bf4 Bg7 5. e3 O-O 6. Be2 c5 7. O-O b6 8. Ne5 Bb7 9. a4 Nc6 10. Nxc6 Bxc6 11. Be5 Ne8 12. Bxg7 Nxg7 13. Bf3 e6 14. Qd2 Qf6 15. a5 Nf5 16. Rfd1 Nh4 17. Be2 Rfd8 18. Na4 Bxa4 19. Rxa4 c4 20. axb6 axb6 21. Rda1 1/2-1/2

[Event "NB2 Breyer csoport"]
[Site "Budapest"]
[Date "2024.12.15"]
[Round "4.10"]
[White "Bod, Marton"]
[Black "Ma, Guangxianzhao"]
[Result "0-1"]
[WhiteElo "2030"]
[BlackElo "1773"]
[PlyCount "78"]
[GameId "2123412093425641"]
[EventDate "2024.11.03"]
[EventType "team-tourn"]
[EventRounds "9"]
[EventCountry "HUN"]
[Source "chess.hu"]
[WhiteTeam "Barcza - BEAC I."]
[BlackTeam "Varosgazda Akademia"]
[WhiteTeamCountry "HUN"]
[BlackTeamCountry "HUN"]

1. e4 c5 2. Nf3 Nc6 3. d4 cxd4 4. Nxd4 e5 5. Nb5 d6 6. N1c3 a6 7. Na3 Be7 8. Be3 Nf6 9. Nd5 Nxd5 10. exd5 Nb8 11. Nc4 Nd7 12. a4 O-O 13. Be2 f5 14. f3 Bg5 15. Qd3 Bxe3 16. Qxe3 Qc7 17. O-O Rb8 18. Rfd1 b6 19. Kh1 Bb7 20. Qa3 Rf6 21. b4 Rc8 22. Rac1 Rh6 23. Ne3 g6 24. a5 bxa5 25. bxa5 Nc5 26. Nc4 Qe7 27. Qe3 f4 28. Qf2 Rf8 29. Nb6 e4 30. Rd4 e3 31. Qe1 Rf5 32. Rb1 Qg7 33. g4 fxg3 34. Qxg3 Qxd4 35. Qxd6 Rxh2+ 36. Qxh2 Rh5 37. Qxh5 gxh5 38. Rd1 Qh4+ 39. Kg2 Qf2+ 0-1

[Event "NB2 Breyer csoport"]
[Site "Budapest"]
[Date "2024.12.15"]
[Round "4.11"]
[White "Agosthazy, Zsombor"]
[Black "Isepy, Tamas"]
[Result "0-1"]
[WhiteElo "1569"]
[BlackElo "1975"]
[PlyCount "46"]
[GameId "2123412135167993"]
[EventDate "2024.11.03"]
[EventType "team-tourn"]
[EventRounds "9"]
[EventCountry "HUN"]
[Source "chess.hu"]
[WhiteTeam "Varosgazda Akademia"]
[BlackTeam "Barcza - BEAC I."]
[WhiteTeamCountry "HUN"]
[BlackTeamCountry "HUN"]

1. e4 c5 2. c3 e6 3. d4 d5 4. e5 Nc6 5. Nf3 Qb6 6. Be2 cxd4 7. cxd4 Bd7 8. O-O Nge7 9. b3 Rc8 10. Be3 Nb4 11. Bd3 Nxd3 12. Qxd3 Bb5 13. Qd2 Bxf1 14. Kxf1 Nf5 15. Nc3 Bb4 16. Rc1 Qa5 17. Na4 O-O 18. Qd3 Qa6 19. Rd1 Nxe3+ 20. fxe3 Rc1 21. Kf2 Qxd3 22. Rxd3 Rfc8 23. Kg3 R8c2 0-1

[Event "NB2 Breyer csoport"]
[Site "Budapest"]
[Date "2024.12.15"]
[Round "4.12"]
[White "Tancz, Janos"]
[Black "Kolozsvari, Kristof"]
[Result "1-0"]
[WhiteElo "1860"]
[BlackElo "1570"]
[PlyCount "61"]
[GameId "2123412174084105"]
[EventDate "2024.11.03"]
[EventType "team-tourn"]
[EventRounds "9"]
[EventCountry "HUN"]
[Source "chess.hu"]
[WhiteTeam "Barcza - BEAC I."]
[BlackTeam "Varosgazda Akademia"]
[WhiteTeamCountry "HUN"]
[BlackTeamCountry "HUN"]

1. c4 e5 2. Nc3 Nf6 3. g3 d5 4. cxd5 Nxd5 5. Bg2 Nxc3 6. bxc3 Be7 7. Nf3 Nc6 8. O-O e4 9. Ne1 Bf5 10. Nc2 Bf6 11. Ne3 Bg6 12. Qc2 Qe7 13. Nd5 Qe5 14. Nxf6+ gxf6 15. Qb3 O-O-O 16. f4 Qc5+ 17. e3 f5 18. a4 Na5 19. Qa2 Qc4 20. Rf2 Qxa2 21. Rxa2 Rhe8 22. Bf1 a6 23. Ba3 Rd7 24. Rb2 Red8 25. Bc5 Re8 26. Bd4 Bh5 27. d3 c5 28. Bxc5 exd3 29. Bd4 Nc4 30. Rb4 d2 31. Rxc4+ 1-0

[Event "NB2 Breyer csoport"]
[Site "Zsambek"]
[Date "2024.12.15"]
[Round "4.1"]
[White "Berek, Geza"]
[Black "Gal, Tamas"]
[Result "1/2-1/2"]
[WhiteElo "2127"]
[BlackElo "2232"]
[PlyCount "99"]
[GameId "2123719201139841"]
[EventDate "2024.11.03"]
[EventType "team-tourn"]
[EventRounds "9"]
[EventCountry "HUN"]
[Source "chess.hu"]
[WhiteTeam "Nyergesujfalu VSE"]
[BlackTeam "Zsambeki SBE"]
[WhiteTeamCountry "HUN"]
[BlackTeamCountry "HUN"]

1. e4 c6 2. d4 d5 3. exd5 cxd5 4. Bd3 Nc6 5. c3 Nf6 6. Bf4 Bg4 7. Qb3 Qd7 8. Nd2 e6 9. Ngf3 Bd6 10. Bxd6 Qxd6 11. O-O O-O 12. Rfe1 Ne7 13. Ne5 Bf5 14. Bf1 Qc7 15. a4 Nc6 16. Nxc6 Qxc6 17. a5 Qc7 18. g3 h5 19. Rec1 Rac8 20. c4 dxc4 21. Rxc4 Qd7 22. Rac1 Rxc4 23. Rxc4 Be4 24. Nxe4 Nxe4 25. Qc2 Nd6 26. Rc7 Qd8 27. Bg2 Qb8 28. Qc5 Rd8 29. b4 g6 30. h4 Rc8 31. Rxc8+ Nxc8 32. Qb5 Nd6 33. Qd7 a6 34. Kh2 Kg7 35. f4 Kg8 36. Kh3 Kg7 37. Bf3 Kg8 38. Bg2 Kg7 39. d5 exd5 40. Bxd5 Kf8 41. g4 hxg4+ 42. Kxg4 Kg7 43. Kh3 Kf6 44. Kg4 Kg7 45. Kh3 Kf8 46. Kg4 Kg7 47. Kh3 Kg8 48. Kg4 Kg7 49. Kh3 Kf6 50. Kg4 1/2-1/2

[Event "NB2 Breyer csoport"]
[Site "Zsambek"]
[Date "2024.12.15"]
[Round "4.2"]
[White "Rummel, Zsolt"]
[Black "Kovacs, Milan"]
[Result "0-1"]
[WhiteElo "2039"]
[BlackElo "2070"]
[PlyCount "72"]
[GameId "2123719239478433"]
[EventDate "2024.11.03"]
[EventType "team-tourn"]
[EventRounds "9"]
[EventCountry "HUN"]
[Source "chess.hu"]
[WhiteTeam "Zsambeki SBE"]
[BlackTeam "Nyergesujfalu VSE"]
[WhiteTeamCountry "HUN"]
[BlackTeamCountry "HUN"]

1. e4 d6 2. d4 Nf6 3. Nc3 g6 4. Be2 Bg7 5. h4 h5 6. Bg5 Nh7 7. Be3 Nc6 8. f3 e5 9. d5 Ne7 10. Qd2 f5 11. Nh3 Bf6 12. g3 Bd7 13. O-O-O Qc8 14. Ng5 Nxg5 15. Bxg5 Ng8 16. f4 Rh7 17. Rde1 Re7 18. fxe5 Rxe5 19. Bf3 Kf7 20. exf5 Bxf5 21. Bf4 Rxe1+ 22. Rxe1 Qd7 23. Ne4 Re8 24. Nxf6 Nxf6 25. Bg5 Qa4 26. Rxe8 Nxe8 27. Qe2 Nf6 28. Bxf6 Kxf6 29. Qd2 Qc4 30. Qg5+ Kg7 31. Qd2 Qf1+ 32. Bd1 Bg4 33. b3 b5 34. c3 Qxd1+ 35. Qxd1 Bxd1 36. Kxd1 Kf6 0-1

[Event "NB2 Breyer csoport"]
[Site "Zsambek"]
[Date "2024.12.15"]
[Round "4.3"]
[White "Ikanov, Imre"]
[Black "Gasparics, Akos"]
[Result "0-1"]
[WhiteElo "1960"]
[BlackElo "2030"]
[PlyCount "84"]
[GameId "2123719324593341"]
[EventDate "2024.11.03"]
[EventType "team-tourn"]
[EventRounds "9"]
[EventCountry "HUN"]
[Source "chess.hu"]
[WhiteTeam "Nyergesujfalu VSE"]
[BlackTeam "Zsambeki SBE"]
[WhiteTeamCountry "HUN"]
[BlackTeamCountry "HUN"]

1. e4 e6 2. d4 d5 3. Nc3 Nf6 4. Bg5 Be7 5. e5 Nfd7 6. Bxe7 Qxe7 7. f4 a6 8. Nf3 c5 9. a3 Nc6 10. Ne2 O-O 11. c3 b5 12. Ng3 Nb6 13. Bd3 f5 14. exf6 Rxf6 15. Ne5 Nxe5 16. fxe5 Rf8 17. Qh5 g6 18. Qg4 Nc4 19. Bxc4 bxc4 20. Nh5 cxd4 21. Nf6+ Kg7 22. Qh4 Kh8 23. cxd4 Rb8 24. Qf2 Qb7 25. Rb1 Bd7 26. O-O Ba4 27. Qd2 Rfc8 28. Rf3 Rc7 29. h4 Rbc8 30. Rbf1 Rf7 31. R1f2 Qa7 32. Qf4 Bd1 33. Rg3 Bh5 34. Rh3 Bd1 35. g4 Rb8 36. Qd2 Rb3 37. Rxb3 Bxb3 38. Rg2 a5 39. Kh2 Qc7 40. Qh6 Rxf6 41. h5 Rf3 42. hxg6 Qg7 0-1

[Event "NB2 Breyer csoport"]
[Site "Zsambek"]
[Date "2024.12.15"]
[Round "4.4"]
[White "Bitto, Zoltan"]
[Black "Balazs, Andras"]
[Result "1-0"]
[WhiteElo "1997"]
[BlackElo "1923"]
[PlyCount "111"]
[GameId "2123719376354509"]
[EventDate "2024.11.03"]
[EventType "team-tourn"]
[EventRounds "9"]
[EventCountry "HUN"]
[Source "chess.hu"]
[WhiteTeam "Zsambeki SBE"]
[BlackTeam "Nyergesujfalu VSE"]
[WhiteTeamCountry "HUN"]
[BlackTeamCountry "HUN"]

1. d4 d5 2. c4 c6 3. Nc3 Nf6 4. Nf3 a6 5. e3 dxc4 6. Bxc4 b5 7. Bb3 e6 8. e4 Be7 9. O-O Qc7 10. e5 Nd5 11. Ne4 Nd7 12. Nfg5 O-O 13. Qh5 h6 14. Bc2 N7b6 15. Nh7 f5 16. exf6 Nxf6 17. Nexf6+ Bxf6 18. Nxf8 Kxf8 19. Qc5+ Be7 20. Qh5 Bf6 21. Qf3 Nd5 22. Be4 Qf7 23. Be3 Bd7 24. Rac1 Kg8 25. Qg3 Kh8 26. Rfd1 Bd8 27. Rd3 Bc7 28. Qh3 e5 29. Qh4 Bd8 30. Qg3 Nxe3 31. fxe3 exd4 32. exd4 Bg5 33. Rf1 Qe7 34. Re1 Qb4 35. Re2 Be8 36. Qf3 Qd6 37. Qf5 g6 38. Qg4 Bd7 39. Qg3 Qf6 40. Rf2 Qe7 41. Qe5+ Qg7 42. Bxg6 Rd8 43. Rdf3 Qxe5 44. dxe5 Kg7 45. Bf5 Bxf5 46. Rxf5 Be3 47. Rf7+ Kg8 48. Kf1 Bxf2 49. Rxf2 Rf8 50. Rxf8+ Kxf8 51. Ke2 Ke7 52. Ke3 Ke6 53. Ke4 c5 54. g4 c4 55. h4 a5 56. Kd4 1-0

[Event "NB2 Breyer csoport"]
[Site "Zsambek"]
[Date "2024.12.15"]
[Round "4.5"]
[White "Fekete, Laszlo"]
[Black "Balog, Tamas"]
[Result "0-1"]
[WhiteElo "1864"]
[BlackElo "2026"]
[PlyCount "70"]
[GameId "2123719431445725"]
[EventDate "2024.11.03"]
[EventType "team-tourn"]
[EventRounds "9"]
[EventCountry "HUN"]
[Source "chess.hu"]
[WhiteTeam "Nyergesujfalu VSE"]
[BlackTeam "Zsambeki SBE"]
[WhiteTeamCountry "HUN"]
[BlackTeamCountry "HUN"]

1. e4 c6 2. Nf3 d5 3. exd5 cxd5 4. d4 Nf6 5. h3 g6 6. Bf4 Bg7 7. Nc3 a6 8. Bd3 O-O 9. Qd2 Re8 10. O-O Nc6 11. a3 b5 12. Rfe1 Qb6 13. Be3 Be6 14. Kh1 Rad8 15. Qd1 Qc7 16. Nd2 Nh5 17. Nb3 Qc8 18. Bf1 f5 19. Qd2 Bf7 20. Bh6 Bh8 21. a4 b4 22. Na2 e5 23. dxe5 Bxe5 24. Rab1 Bd6 25. Rxe8+ Rxe8 26. Nac1 Nf6 27. f3 Nh5 28. Ne2 Ne5 29. g4 Nxf3 30. Qd1 fxg4 31. hxg4 Qxg4 32. Nbd4 Nxd4 33. Qxd4 Ng3+ 34. Kg2 Rxe2+ 35. Bxe2 Qxd4 0-1

[Event "NB2 Breyer csoport"]
[Site "Zsambek"]
[Date "2024.12.15"]
[Round "4.6"]
[White "Emmer, Adam"]
[Black "Bognar, Attila"]
[Result "1-0"]
[WhiteElo "1918"]
[BlackElo "1865"]
[PlyCount "115"]
[GameId "2123719478910189"]
[EventDate "2024.11.03"]
[EventType "team-tourn"]
[EventRounds "9"]
[EventCountry "HUN"]
[Source "chess.hu"]
[WhiteTeam "Zsambeki SBE"]
[BlackTeam "Nyergesujfalu VSE"]
[WhiteTeamCountry "HUN"]
[BlackTeamCountry "HUN"]

1. Nf3 g6 2. c4 Bg7 3. Nc3 c5 4. g3 Nf6 5. Bg2 O-O 6. O-O Nc6 7. Rb1 a6 8. e4 d6 9. h3 Nd4 10. Nxd4 cxd4 11. Nd5 Nxd5 12. cxd5 f5 13. d3 Bd7 14. a4 fxe4 15. dxe4 b5 16. b3 Rb8 17. axb5 Bxb5 18. Re1 Qb6 19. Bf4 Rbc8 20. Qd2 d3 21. Rbc1 Rxc1 22. Rxc1 g5 23. Be3 Qb8 24. Bf1 h6 25. Bxd3 Bd7 26. b4 Rc8 27. Bxa6 Rxc1+ 28. Qxc1 Qxb4 29. Bc8 Qa4 30. Qc7 Bxc8 31. Qxc8+ Bf8 32. Qe6+ Kg7 33. Kg2 Qa1 34. h4 Qf6 35. Qg4 Kg6 36. h5+ Kf7 37. Kh3 Bg7 38. Qd7 Qf3 39. Qe6+ Kf8 40. Qg6 Qf7 41. Kg4 Qf6 42. Qxf6+ Bxf6 43. Kf5 Kf7 44. f4 gxf4 45. gxf4 Bg7 46. Bf2 Bc3 47. Be3 Bg7 48. Bd2 Bd4 49. e5 Bb2 50. Bb4 dxe5 51. fxe5 Bc1 52. e6+ Ke8 53. Kg6 Bf4 54. Bc3 Kd8 55. Bg7 Kc7 56. Bxh6 Bg3 57. Bg7 Bf4 58. Kf5 1-0